The sound of sitar / (Record no. 144149)
[ view plain ]
| 000 -LEADER | |
|---|---|
| fixed length control field | 00515nam a22001817a 4500 |
| 005 - DATE AND TIME OF LATEST TRANSACTION | |
| control field | 20170907115721.0 |
| 010 ## - LCCN (DPL NO) | |
| LC control number | ENG-119955 |
| 020 ## - INTERNATIONAL STANDARD BOOK NUMBER | |
| International Standard Book Number | 9789381703342 |
| Terms of availability | 120.00 |
| 035 ## - SYSTEM CONTROL NUMBER | |
| System control number | EN-103487 |
| 037 ## - SOURCE OF ACQUISITION | |
| Source of stock number/acquisition | DBAD/PUB |
| 082 ## - DEWEY DECIMAL CLASSIFICATION NUMBER | |
| Classification number | 787.67 |
| 100 ## - MAIN ENTRY--PERSONAL NAME | |
| Personal name | Roy Chowdhury,Subroto |
| 245 ## - TITLE STATEMENT | |
| Title | The sound of sitar / |
| Statement of responsibility, etc | by Subroto Roy Chowdhury |
| 260 ## - PUBLICATION, DISTRIBUTION, ETC. (IMPRINT) | |
| Place of publication, distribution, etc | Kolkata |
| Name of publisher, distributor, etc | Thema |
| Date of publication, distribution, etc | 2014 |
| 270 ## - ADDRESS | |
| Address | 46,Satish Mukherjee Road |
| City | Kolkata |
| Postal code | 700 045 |
| 300 ## - PHYSICAL DESCRIPTION | |
| Extent | 105p. |
| Dimensions | 22cm(pbk) |
| 942 ## - ADDED ENTRY ELEMENTS (KOHA) | |
| Source of classification or shelving scheme | Dewey Decimal Classification |
| Item type | English Books |
| Classification part | 787.67 |
| Call number suffix | RAI |
| Withdrawn status | Lost status | Not for loan | Collection code | Home library | Current library | Date acquired | Source of acquisition | Cost, normal purchase price | Full call number | Barcode | Copy number | Cost, replacement price | Koha item type |
|---|---|---|---|---|---|---|---|---|---|---|---|---|---|
| Non-fiction | Bawana | Bawana | 07/09/2017 | DBAD/PUB | 120.00 | 787.67 RAI | EN-103487 | 1 | 120.00 | English Books |
